000 03661nam a22002297a 4500
001 6536
003 FISKH
005 20250508124443.0
008 250508b cb ||||| |||| 00| 0 eng d
040 _aFISKH
_bkhr
_cFISKH
_dFISKH
050 _aPZ7
082 _a800
100 _aNarom, Keo
245 _aកម្រងវប្បធម៏ខ្មែរ /
_cស្រាវជ្រាវដោយ អ្នកស្រី កែវ ណារុំ
260 _aភ្នំពេញ :
_c2010 .
300 _a85 pages :
_billustrations ;
_c20 cm .
520 _aសៀវភៅ «កម្រងវប្បធម៌ខ្មែរ» ត្រូវបានស្រាវជ្រាវ និងសរសេរដោយ អ្នកស្រី កែវ ណារុំ ដែលមានជំនាញខាងសិល្បៈ និងវប្បធម៌ខ្មែរ។ អ្នកស្រីបានចាប់ផ្តើមការស្រាវជ្រាវពីសិល្បៈ និងវប្បធម៌ខ្មែរនៅអាយុជាង ៣០ ឆ្នាំមុន។ ការស្រាវជ្រាវរបស់គាត់ផ្តោតលើការអភិរក្ស និងការបង្ហាញពីសិល្បៈ និងវប្បធម៌ខ្មែរដែលមានតម្លៃ។ ក្នុងសៀវភៅនេះ អ្នកស្រីបានបង្ហាញពីសិល្បៈ និងវប្បធម៌ខ្មែរដែលមានការចងក្រងជាឯកសារដើម្បីទុកជាអនុស្សាវរីយ៍សម្រាប់ជំនាន់ក្រោយ។ គាត់បានសិក្សាពីឧបករណ៍ភ្លេងខ្មែរ និងសិល្បៈផ្សេងៗដែលបានបាត់បង់ទៅដោយសារតែការបាត់បង់នៃការអប់រំ និងការការពារសិល្បៈបុរាណ។ អ្នកស្រីកែវ ណារុំបានចំណាយពេលជាង ៣០ ឆ្នាំក្នុងការស្រាវជ្រាវ និងសិក្សាពីសិល្បៈ និងវប្បធម៌ខ្មែរ ដោយមានគោលបំណងដើម្បីអភិរក្ស និងបង្ហាញពីសិល្បៈ និងវប្បធម៌ខ្មែរដែលមានតម្លៃសម្រាប់ជំនាន់ក្រោយ។
520 _aThe book "Collection of Khmer Culture" was researched and written by Ms. Keo Narom, who specializes in Khmer arts and culture. She began her research into Khmer arts and culture more than 30 years ago. Her work focuses on the preservation and presentation of valuable aspects of Khmer art and heritage. In this book, Ms. Keo Narom documents and compiles important elements of Khmer arts and culture to preserve them as a legacy for future generations. She studied traditional Khmer musical instruments and various forms of art that have been lost due to the decline of education and protection of traditional arts. Ms. Keo Narom has spent over 30 years researching and studying Khmer arts and culture with the aim of preserving and promoting their value for future generations. This book is valuable for those interested in studying Khmer arts and culture and in preserving them with care and dedication.
650 _aកម្រងវប្បធម៏ខ្មែរ​
942 _2ddc
_cKHB
_n0
999 _c6536
_d6536